Statistiken für Top Demon List Geometry Dash

Klicken Sie hier um das Quiz zu spielen!

Allgemein

  • Dieses Quiz wurde 15 mal gespielt
  • Das Durchschnittsergebnis liegt bei 4 aus 15

Antwortstatistiken

#Extreme Demons% Korrekt
8Limbo
73%
5Silent Clubstep
73%
2Slaughterhouse
73%
7Firework
55%
6Sakupen Circles
36%
15Tartarus
36%
4Abyss Of Darkness
27%
3Kyouki
27%
13The Hallucination
18%
10Arcturus
9%
14Unknown
9%
1Archeron
0%
12Hardmachine
0%
11Oblivion
0%
9Poocubed
0%

Verteilung der Resultate

Perzentil nach korrekt beantworteten Fragen

Anzahl Personen mit jedem Resultat

Ihre Resultats-Entwicklung

Sie haben dieses Quiz noch nicht gespielt